000 00596nam a2200241 a 4500
001 nice12345678
003 IN_TiNIC
005 20260116012010.0
008 050524s1893 chia grp 000 0 eng
020 _a
_c100
082 0 0 _a891.53
_bREE
100 _aReed, Elizabeth
245 _aPersian Literature
_b Ancient and Modern
260 _aChicago
_bS. C. Griggs and Company
_c1893
300 _a419p
500 _aincludes index and biblioraphy
505 2 _aIndex
650 _aPersian Literature
700 1 _aReed, Elizabeth
902 _bSRS
942 _cBK
999 _c5225
_d5225